Top 20 J.Cole Song - Statistics

General Stats
  • This quiz has been taken 20 times
  • The average score is 7 of 20
Answer Stats
# Album Score Song % Correct
3 2014 Forest Hill Drive 93 No role Modelz
89%
1 4 Your Eyez Only 97 4 Your Eyez Only
68%
4 4 Your Eyez Only 93 Change
63%
2 Revenge of the Dreamers III 95 Under The Sun
63%
11 The Fall Off 91 39 Intro
58%
19 2014 Forest Hill Drive 89 Love Yourz
53%
17 The Fall Off 90 I Love Hear Again
47%
8 The Fall Off 91 SAFETY
37%
18 The Off Season 90 My life
32%
20 Revenge of theDreamers III 89 Sacrifices
32%
9 The Fall Off 91 The Fall Off is Inevitable
32%
14 2014 Forest Hill Drive(10 Year) 90 Judgement day
26%
12 2014 Forest Hill Drive(10 Year) 91 Winter Wonderland
26%
7 2014 Forest Hill Drive (10 Year) 92 Die Together
21%
5 Friday Night Lights 93 Too Deep for the Intro
21%
13 Friday night Lights 91 Before Im Gone
16%
10 2014 Forest Hill Drive(10 Year) 91 Home Soon
16%
16 The Warm Up 90 Dead Presidents II
11%
6 Revenge of theDreamers III 92 Down Bad
0%
15 Friday night Lights 90 Farewell
0%
No matching quizzes found
Score Distribution
Percent of People with Each Score
Percentile by Number Answered
Your Score History
You have not taken this quiz